000 00280nam a2200121Ia 4500
008 191201s2014 xx 000 0 und d
100 _aMATHUR, M.L.
245 0 _aThermal Engineering
260 _aN. Delhi
_bJain
_c2014
300 _a1436
650 _aB.Tech(ME)
942 _2ddc
_cBK
999 _c6151
_d6151